The shoemaker and the elves / (Record no. 4918)

MARC details
000 -LEADER
fixed length control field 01141nam a22002897a 4500
001 - CONTROL NUMBER
control field 4918
003 - CONTROL NUMBER IDENTIFIER
control field FISKH
005 - DATE AND TIME OF LATEST TRANSACTION
control field 20241025091950.0
008 - FIXED-LENGTH DATA ELEMENTS--GENERAL INFORMATION
fixed length control field 241025b cb ||||| |||| 00| 0 eng d
020 ## - INTERNATIONAL STANDARD BOOK NUMBER
International Standard Book Number 9780194802574
040 ## - CATALOGING SOURCE
Original cataloging agency FISKH
Transcribing agency eng
Language of cataloging FISKH
Modifying agency FISKH
082 ## - DEWEY DECIMAL CLASSIFICATION NUMBER
Classification number 428
100 ## - MAIN ENTRY--PERSONAL NAME
Personal name Arengo, Sue
245 ## - TITLE STATEMENT
Title The shoemaker and the elves /
Statement of responsibility, etc. Retold by Sue Arengo Illustrated by Adam Stower
250 ## - EDITION STATEMENT
Edition statement 2009
260 ## - PUBLICATION, DISTRIBUTION, ETC.
Place of publication, distribution, etc. New York :
Name of publisher, distributor, etc. Oxford,
Date of publication, distribution, etc. 2009.
300 ## - PHYSICAL DESCRIPTION
Extent 29 pages :
Other physical details Color illustrations ;
Dimensions 25 cm
505 ## - FORMATTED CONTENTS NOTE
Formatted contents note G<br/>
520 ## - SUMMARY, ETC.
Summary, etc. These traditional favorite stories are ideal for children. Each beautifully illustrated story is retold in language that students easily understand. Each book includes activities, puzzles, and an illustrated glossary. The Activity Books provide additional reading, writing, and pronunciation practice of the key vocabulary, and language structures.
521 8# - TARGET AUDIENCE NOTE
Target audience note 410L<br/><br/>
Source Lexile<br/>
521 8# - TARGET AUDIENCE NOTE
Target audience note G<br/>
Source Raz-Plus<br/>
650 ## - SUBJECT ADDED ENTRY--TOPICAL TERM
Source of heading or term Fairy tales
Topical term or geographic name entry element Easy reader
650 ## - SUBJECT ADDED ENTRY--TOPICAL TERM
Source of heading or term Children's paperback
Topical term or geographic name entry element Picture book
700 ## - ADDED ENTRY--PERSONAL NAME
Personal name Stower, Adam
Dates associated with a name Illustrator
942 ## - ADDED ENTRY ELEMENTS (KOHA)
Source of classification or shelving scheme Dewey Decimal Classification
Koha item type Books
Suppress in OPAC No
Holdings
Withdrawn status Lost status Source of classification or shelving scheme Damaged status Not for loan Collection Home library Current library Shelving location Date acquired Total Checkouts Full call number Barcode Date last seen Copy number Price effective from Koha item type
    Dewey Decimal Classification     Fiction Footprints International School Library Network Toul Kork Campus Footprints International School Library Network Toul Kork Campus TK Primary Library Room(4th Floor), Bookcase 1&2, Shelves 1-16, Dark Blue Books 10/25/2024   ARE 428 2024-2223 10/25/2024 1 10/25/2024 Books